| 000 | 00501nam a2200181Ia 4500 | ||
|---|---|---|---|
| 008 | 240925s9999 xx 000 0 und d | ||
| 020 | _a9780521897976 | ||
| 082 | _a174.962 WHI | ||
| 100 | _aWhitbeck, Caroline | ||
| 245 | 0 | _aEthics in Engineering Practice and Research | |
| 250 | _a2nd | ||
| 260 |
_aNew York: _bCambridge University Press _c,2011. |
||
| 300 |
_axx, 1001p. _b0 _fOriginal |
||
| 500 | _aIncludes Index | ||
| 600 | _aHumanities & Natural Science | ||
| 650 | _aEthics | ||
| 942 | _cBK | ||
| 999 |
_c13649 _d13649 |
||